000 00504nam a2200181Ia 4500
005 20250508150713.0
008 008 250505s9999 xx 000 0 eng d
037 _aTextual
040 _aFEDL
_beng
_cFEDL
041 _aeng
_2eng
084 _a551.4, SHE
_qFEDL
100 _aSherlock R L
_9757423
245 0 _aMan's influence on the earth
260 _aLondon, UK
_bThornton Butter Worth Limited
_c1931
300 _a256p.
942 _cTEXL
_h551.4, SHE
999 _c1325154
_d1325154